| 000 | 00391 a2200145 4500 | ||
|---|---|---|---|
| 040 |
_aDLC _bDLC |
||
| 082 | _a297.63 | ||
| 100 | _aMian Abid Ahmad | ||
| 245 |
_aThe Glory of Muhammad (P.B.U.H) _cMian Abid Ahmad |
||
| 260 |
_aLahore: _bServices Book Club, _c1996. |
||
| 300 |
_a839 p. ; _c24 cm |
||
| 500 | _aIncludes Index | ||
| 650 | _aMuhammad, prophet, d 632 | ||
| 942 |
_cBK _k297..63 MIA _2ddc |
||
| 999 |
_c7810 _d7810 |
||